Answers that are Grand - Statistics

General Stats
  • This quiz has been taken 24 times
  • The average score is 13 of 20
Answer Stats
Hint Answer % Correct
1) Famous gorge in Arizona Grand Canyon
100%
7) Dividing river between Texas and Mexico Rio Grande
100%
9) Lake Superior is one of these Great Lakes
88%
13) The highest level player in chess Grand Master
83%
11) The end of a fireworks show is called this Grand Finale
79%
14) The deciding citizens that hear evidence in criminal trials Grand Jury
79%
17) A large breed of dog Great Dane
79%
19) 1861 novel by Charles Dickens Great Expectations
79%
3) The Formula One race is also called Grand Prix
75%
8) 2nd largest city in Michigan Grand Rapids
71%
16) Large barrier built to protect from Mongol invasions Great Wall of China
71%
4) The King of Macedon was called thisfor conquering much of Persia Alexander the Great
63%
15) Theft of high priced items Grand Larceny
63%
6) The above head of state is called the Grand Duke
58%
5) Luxembourg is the only sovereign nationwith this title Grand Duchy
54%
18) Doc Brown exclaims this in Back to the Future Great Scott
54%
12) Hitting a homerun with the bases loaded Grand Slam
46%
2) The Magna Carta translatesto this Great Charter
46%
10) Divide between the Catholic churchand Eastern Orthodox Church in 1054 Great Schism
38%
20) City between Dallas and Fort Worth Grand Prairie
21%
No matching quizzes found
Score Distribution
Percent of People with Each Score
Percentile by Number Answered
Your Score History
You have not taken this quiz